000 00961nam a2200277 a 4500
001 41995
003 (BD-RJUL)
005 20211209053459.0
008 160608s1978 ii b 001 0 eng d
035 _a(MH)MHBBZ54725HU
035 _a(BD-RJUL) 42113
035 _a(CStRLIN)MAHGBBZ54725-B
040 _aCU-S
_cCU-S
_d*HVL*
_dCStRLIN
_d(BD-RJUL)
_beng
041 _aeng
082 _223
_a327.54
_bNAT 1978
100 1 _aNaik, J. A.
_9129102
245 1 2 _aA textbook of international relations :
_ba study of India and the Third World /
_cJ.A. Naik.
260 _aNew Yourk :
_bA.B.C,
_c1978.
300 _avii, 258 p. ;
_c22 cm.
504 _aIncludes bibliographical references and index.
650 0 _aInternational relations.
_9129103
650 0 _aPacific settlement of international disputes.
_9129104
650 0 _aPacific settlement of international disputes
_zIndia.
_9129105
651 0 _aIndia
_xForeign relations.
_9129106
942 _2ddc
_cBK
999 _c41995
_d41995